[Event "12th Chennai Open 2020"]
[Site "Chennai"]
[Date "2020.01.20"]
[Round "4.4"]
[White "Bogdanovich, Stanislav"]
[Black "Saravana, Krishnan P."]
[Result "1-0"]
[WhiteElo "2562"]
[BlackElo "2313"]
[Annotator "TA"]
[PlyCount "203"]
[EventDate "2020.01.19"]
[EventType "swiss"]
[EventCountry "IND"]
[SourceTitle "playchess.com"]
[Source "ChessBase"]
[SourceQuality "1"]

{[%evp 9,203,33,30,19,40,31,31,26,26,25,25,29,26,24,31,27,23,17,29,13,19,19,18,14,20,17,47,37,33,24,47,46,43,42,65,49,64,62,59,56,67,18,13,0,32,17,23,0,39,-74,-76,-76,-77,-75,-72,-76,0,0,0,0,0,0,14,28,43,33,61,20,47,27,37,40,63,0,5,-96,-101,-94,-89,-90,-97,-85,-91,-166,-124,-94,-102,-375,-375,-363,-315,-321,-172,-177,0,-240,-159,-215,-240,-347,-143,-157,0,0,0,-297,0,0,0,-274,-287,-275,-272,-323,-319,-385,-359,-384,-320,-315,0,-337,0,-385,-256,-273,-243,-241,-86,-87,-86,-86,-85,-85,-85,-85,-85,-85,-30,-85,-86,-137,-95,-92,-97,-98,-26,-27,-12,-12,-12,-12,-9,-31,-12,-16,-23,-29,0,0,0,-35,0,0,0,0,0,0,0,0,0,0,0,-167,0,0,0,0,0,0,12846,12847,12851,27999,12851,12851,12851,12851,12851,27999,12851,27999,12851,27999,29995,27999]} 1. e4 e6 2. d4 d5 3. Nd2 h6 (3... c5 4. Ngf3 cxd4 5. exd5 Qxd5 6. Bc4 Qd8 7. O-O Nf6 8. Nb3 Nc6 9. Nbxd4 Nxd4 10. Nxd4 Be7 11. c3 O-O 12. Qf3 Qc7 {½-½ (12) Guseinov,G (2666)-Nepomniachtchi,I (2767) Moscow 2019}) 4. c3 c5 5. exd5 exd5 6. Ngf3 {C03: French Tarrasch: Unusual Black 3rd moves} Nf6 7. Bb5+ Bd7 8. Qe2+ {White is slightly better.} Be7 9. dxc5 O-O 10. Nb3 Re8 11. Be3 a6 $146 12. Bd3 Ba4 13. Nfd4 Nbd7 14. O-O Nxc5 15. Nxc5 Bxc5 16. Qf3 Bd7 17. Rfe1 Bd6 18. Nf5 Bxf5 19. Bxf5 Be5 20. Rad1 Qc7 21. g3 Rad8 22. Kg2 Qc6 23. Bb1 Rd6 24. a3 Qc4 25. Qf5 Rde6 26. Kg1 Qb3 27. Qc2 Qc4 28. Re2 Qg4 29. Red2 (29. Kg2 $14 {stays ahead.}) 29... g6 $1 $17 30. Qd3 Qh5 $1 31. Qf1 Ng4 $1 {[%csl Gg4][%cal Rh5h2]} 32. Qg2 Nxe3 (32... Bc7 $1 $17 {[%cal Rc7b6]} 33. Rf1 (33. Rxd5 g5 $17) 33... Nxe3 34. fxe3 Rxe3 35. Rxd5 Qg4) 33. fxe3 $11 Qg5 34. Re2 Bb8 35. Rxd5 Qe7 36. e4 Ba7+ 37. Kh1 Re5 38. Red2 Qg5 39. Rxe5 Rxe5 40. Rd1 Qe3 41. Qf1 (41. Rf1 $14) 41... Re6 42. Qd3 {[#]} (42. Bd3 $11) 42... Rd6 $1 $17 {[%cal Rd6d3][%mdl 512]} 43. Qf1 (43. Qxd6 Qf3#) 43... Qf2 {Threatens to win with ...Rd2.} 44. Rc1 Qxb2 45. Rc2 Qb6 $40 {[%mdl 128] Black wants a kill.} (45... Qxa3 $6 46. Ba2 $1 $11 {[%mdl 512]}) 46. Ba2 (46. Re2 $17) 46... Rf6 $19 47. Qe1 Qb5 48. Kg2 $2 {[%mdl 8192]} (48. Qe2 $17 {was forced.}) 48... Qd3 49. Rd2 Qf3+ 50. Kh3 Qh5+ 51. Kg2 Qf3+ (51... g5 $142 $1 {( -> ...Qf3+)} 52. Qe2 g4) 52. Kh3 Kg7 53. Qe2 (53. Bd5 $17 {might work better.}) 53... Qxc3 54. Rd7 (54. Qd1 {was worth a try.}) 54... Qc8 (54... Qxa3 55. Rxb7 Qc5 56. Bd5 $15) (54... h5 $1 $19 55. Qd1 Qb2) 55. Qg4 $17 Qc2 $2 {[#]} (55... Qc6 $17 56. Qd1 Qxe4) 56. Bxf7 $1 $11 {[%mdl 512]} Rxf7 57. Rd6 $2 {[%mdl 8192]} (57. Rxf7+ $11 Kxf7 58. Qd7+ {[%mdl 64] Double Attack} Kg8 59. Qe8+ Kh7 60. Qf7+ Kh8 61. Qf6+ Kh7 62. Qf7+ Kh8 63. Qf6+ Kh7 64. Qf7+) 57... Rf6 $2 (57... Qc7 $1 $19 {[%cal Rc7d6]} 58. Qxg6+ Kh8) 58. Qd7+ Rf7 {[#]} 59. Qe6 $2 {[%mdl 8192]} (59. Qg4 $1 $11 {[%mdl 512]} Qc7 60. Qxg6+ Kh8 61. a4) 59... Qc7 $1 $19 60. Qxg6+ Kh8 61. e5 Bc5 62. Rd5 {intending Rxc5!} Rg7 63. Qf5 Be7 64. Rd7 Qc5 $2 (64... Qc8 $19 65. a4 b5 66. axb5 axb5) 65. Qe6 $2 {[%mdl 8192]} (65. Rxb7 $11 Bd8 66. Rb8 $1 {[%mdl 512]}) 65... Bf8 $2 ({Not} 65... Qxa3 66. Rxb7 Kh7 67. Qf5+ Kh8 68. Qe6 $11) (65... Bg5 $19 {Strongly threatening ...Rxd7.} 66. Qd5 Qxa3 67. Qxb7 Rxd7 68. Qxd7 a5) 66. Rd8 $2 {[%mdl 8192]} (66. Qf6 $1 $11) 66... Rg8 67. Rd7 Bg7 ({Much less strong is} 67... Qxa3 68. Qf5 $19) 68. Rxb7 Qxe5 $2 (68... Qf2 $19 {is more deadly.} 69. Rf7 (69. Qg6 Qf1+ 70. Kh4 Qc4+ 71. Kh5 Qe2+ {[%mdl 64] Double Attack} 72. Kh4 Qxh2+ 73. Kg4 Qxg3+ 74. Kxg3 Bxe5+ {[%mdl 64] Discovered Attack} 75. Kf3 Rxg6 $19) 69... Qe2) 69. Qxe5 $17 Bxe5 $19 {[%mdl 4096] Endgame KRB-KR} 70. Rb6 Ra8 71. Rxh6+ Kg7 72. Rc6 a5 73. a4 Bf6 (73... Ra7 $17 74. Rc5 Bd4) 74. Rc5 (74. Kg2 $11 {remains equal.}) 74... Be7 $17 75. Rc6 ({White should play} 75. Rd5) 75... Rb8 76. Ra6 Bd8 77. Kg4 Rb4+ (77... Rb3 $17 78. Ra8 Bb6) 78. Kf5 $11 Rxa4 79. Ra7+ Kf8 {And now ...Ra3 would win.} 80. Ra8 Rd4 81. h4 Kf7 {With the idea ...Rd5+.} 82. Ra7+ Ke8 {Hoping for ...a4.} 83. g4 $1 Rd5+ 84. Ke6 {Rh7 is the strong threat.} Rd4 85. Kf5 Rb4 {White must now prevent ...Rb5+.} 86. h5 Rb5+ 87. Ke6 Rg5 88. Rh7 Rg8 89. h6 Rg6+ 90. Kf5 Rf6+ 91. Ke5 $2 {[#]} (91. Ke4 $11 {and White is okay.}) 91... Rg6 $2 (91... Rf7 $1 $19 {[%cal Rf7h7]} 92. Rh8+ Rf8) 92. Rh8+ Kd7 {aiming for ...Bf6+.} 93. Kf5 Rg5+ 94. Kf4 {Rxd8+! would kill now.} Rg6 $2 {[%mdl 8192] [#]} (94... Bf6 $11 95. Ra8 Rc5) 95. Rxd8+ $1 $18 {[%mdl 512]} Kxd8 {KR-KPP} 96. g5 Rg8 97. h7 Rf8+ 98. Ke5 Re8+ 99. Kd6 a4 100. g6 a3 101. g7 a2 102. h8=Q {Accuracy: White = 55%, Black = 51%.} 1-0

[Event "12th Chennai Open 2020"]
[Site "Chennai"]
[Date "2020.01.20"]
[Round "4.5"]
[White "Sidhant, Mohapatra"]
[Black "Visakh N R"]
[Result "0-1"]
[WhiteElo "2346"]
[BlackElo "2518"]
[Annotator "TA"]
[PlyCount "64"]
[EventDate "2020.01.19"]
[EventType "swiss"]
[EventCountry "IND"]
[SourceTitle "playchess.com"]
[Source "ChessBase"]
[SourceQuality "1"]

{[%evp 17,64,9,8,8,11,14,49,45,61,-7,-6,-15,-15,-8,-10,-25,-21,-43,-31,-35,-47,-29,-31,-41,-11,-17,-20,-20,0,0,-23,-30,-34,-29,-25,-41,-47,-459,-454,-490,-487,-646,-644,-581,-620,-631,-631,-620,-607]} 1. e4 c5 2. Nf3 d6 3. d4 cxd4 4. Nxd4 Nf6 5. Nc3 a6 6. Be3 e5 7. Nf3 Be7 8. Bc4 O-O 9. O-O Nc6 10. Bg5 {B90: Sicilian Najdorf: Unusual White 6th moves, 6 Be3 Ng4 and 6 Be3 e5} Na5 11. Bb3 Ne8 12. Bxe7 {White is slightly better.} Qxe7 13. Bd5 $146 (13. Nd5 $14 Qd8 14. Qd3) ({Predecessor:} 13. Nd5 Qd8 14. Qd3 Be6 15. Rfd1 Rc8 16. Ne3 Nxb3 17. axb3 Qe7 {0-1 (42) Yu,Y (2668)-Nepomniachtchi,I (2721) Antalya 2013}) 13... Nf6 $11 14. Qd3 Be6 15. Rfd1 Rfd8 16. b4 Nc6 17. a3 Rac8 18. Qe3 Bg4 {aiming for ...Bxf3.} 19. Ne2 Nxd5 20. Rxd5 Qf6 21. Rad1 Ne7 22. R5d2 h5 23. Ne1 {[#]} d5 $1 $36 {[%mdl 2560] Black fights for an advantage.} 24. c3 {[#]} (24. exd5 Nf5) 24... d4 $1 {[%mdl 512]} 25. cxd4 exd4 26. e5 Qg6 $1 (26... dxe3 $2 {is the wrong capture.} 27. Rxd8+ (27. exf6 $2 {perishes.} Rxd2 28. fxe7 Rxd1 $19) 27... Kh7 28. exf6 $18) 27. Qf4 $2 {[%mdl 8192] [#]} (27. Qd3 $15) 27... d3 $1 $19 {[%mdl 512] Black is clearly winning.} 28. f3 (28. Rxd3 Rxd3) 28... Nd5 ({Weaker is} 28... Qb6+ 29. Kh1 $19) 29. Rxd3 Nxf4 30. Rxd8+ Rxd8 31. Rxd8+ Kh7 32. Nxf4 Qb6+ {[%mdl 64] Double Attack. Accuracy: White = 48%, Black = 70%.} 0-1

[Event "12th Chennai Open 2020"]
[Site "Chennai"]
[Date "2020.01.20"]
[Round "4.6"]
[White "Pranav Vijay"]
[Black "Karthik Venkataraman"]
[Result "1/2-1/2"]
[WhiteElo "2265"]
[BlackElo "2479"]
[Annotator "TA"]
[PlyCount "96"]
[EventDate "2020.01.19"]
[EventType "swiss"]
[EventCountry "IND"]
[SourceTitle "playchess.com"]
[Source "ChessBase"]
[SourceQuality "1"]

{[%evp 18,96,36,0,16,4,33,21,57,50,101,42,41,30,69,54,62,68,98,56,102,86,155,144,268,273,275,226,225,54,199,227,139,0,0,0,0,-30,-3,-7,0,0,0,0,0,0,0,0,0,-2,7,0,73,73,79,72,114,116,185,79,85,11,11,11,11,11,11,15,17,18,69,69,69,69,67,0,0,0,0,0,0]} 1. e4 c5 2. Nf3 d6 3. d4 cxd4 4. Nxd4 Nf6 5. Nc3 a6 6. Be2 e6 7. O-O Be7 8. f4 Nc6 9. Be3 Bd7 10. a4 Rc8 {B85: Sicilian Scheveningen: 6 Be2 a6, lines with early Be3} (10... O-O 11. Kh1 Qc7 12. Qe1 Rac8 13. Nb3 Nb4 14. Qd2 d5 15. e5 Ne4 16. Nxe4 dxe4 17. c3 Nd5 18. Bd4 Bc6 19. a5 Rcd8 20. Qc2 Qb8 {0-1 (52) Bologan,V (2661)-Movsesian,S (2672) Dubai 2014}) 11. Nb3 Nb4 12. a5 $146 ({Predecessor:} 12. Nd2 Bc6 13. a5 O-O 14. Ra3 d5 15. Bb6 Qd7 16. e5 Ne4 17. Nb3 Nxc3 18. bxc3 Nxc2 {0-1 (47) Uildriks,M (2013)-Jellema,Y (2222) Maarssen 2013}) 12... Bc6 13. Bf3 e5 ({Black should play} 13... Qc7 $14) 14. Qe2 (14. Rf2 $16) 14... O-O $14 15. Rad1 {fxe5 is the strong threat.} Qc7 16. f5 Bd7 17. g4 h6 18. h4 {Hoping for g5.} d5 {And now ...d4 would win.} 19. Bb6 $1 $36 {[%cal Rb6c7][%mdl 2048] Black is under strong pressure.} (19. exd5 $6 e4 $11) 19... Qb8 (19... Qc4 $142) 20. g5 $1 $16 {[%cal Rg5f6]} (20. exd5 $6 e4 $11) 20... hxg5 (20... Nh7 $16) 21. hxg5 $18 Nh7 22. f6 $1 {[%cal Rf6e7]} (22. Nxd5 Nxd5 23. Rxd5 Bb5 $11) 22... gxf6 23. Bg4 $2 ({Weaker is} 23. Nxd5 Nxd5 24. Rxd5 Bb5 $11) ({Less strong is} 23. exd5 Nxg5 24. d6 Bxd6 $16) (23. gxf6 $18 {Qg2+ would kill now.} Bxf6 24. Nc5 (24. Nxd5 Nxd5 25. Rxd5 Bb5 $11)) 23... Bxg4 (23... f5 $1 $14 24. Bxf5 Bxf5 25. Rxf5 d4) 24. Qxg4 {Threatening mate with gxf6+.} Kh8 {[#]} 25. Qd7 ({Worse is} 25. Nxd5 Nxd5 26. exd5 Rxc2 $17) (25. Kf2 $1 $16 {Intending Rh1! and mate.} fxg5 26. Rh1) 25... Qd6 $1 $11 {[%cal Rd6d7]} 26. Qxd6 Bxd6 27. Nxd5 Rxc2 28. Nxf6 Nxf6 29. Rxf6 Be7 30. Rf2 Rxf2 31. Kxf2 Rc8 32. Rd7 Rc2+ 33. Kf3 Bxg5 34. Rxf7 Nd3 (34... Rxb2 $11 35. Nd4 Kg8) 35. Kg4 $16 Bf4 36. Kf5 Nxb2 37. Rxb7 Nc4 (37... Kg8 $16 {keeps fighting.}) 38. Rd7 (38. Ke6 $18 {is more deadly.}) 38... Rb2 {[#]} 39. Nc5 (39. Rd3 $1 $16) 39... Nxb6 $11 40. axb6 Rxb6 {[%mdl 4096] Endgame KRB-KRN} 41. Ra7 Rh6 42. Nd7 Rh5+ 43. Ke6 {White wants to mate with Nf6.} Rh7 ({Better is} 43... Rh4 $11) 44. Rxa6 $14 {Threatens to win with Nf6.} Kg7 {Strongly threatening ...Rh6+.} 45. Nf6 $1 Rh8 46. Kf5 (46. Ra7+ $1 $14 Kg6 47. Ra1) 46... Rf8 $11 {The position is equal.} 47. Ra7+ Rf7 48. Rxf7+ Kxf7 {Accuracy: White = 54%, Black = 33%.} 1/2-1/2

[Event "12th Chennai Open 2020"]
[Site "Chennai"]
[Date "2020.01.20"]
[Round "4.7"]
[White "Vishnu Prasanna. V"]
[Black "Lakshmi Narayanan M V"]
[Result "1/2-1/2"]
[WhiteElo "2474"]
[BlackElo "2162"]
[Annotator "TA"]
[PlyCount "139"]
[EventDate "2020.01.19"]
[EventType "swiss"]
[EventCountry "IND"]
[SourceTitle "playchess.com"]
[Source "ChessBase"]
[SourceQuality "1"]

{[%evp 18,139,16,8,2,0,0,0,0,1,0,-5,-3,0,0,-22,-20,-29,-33,-43,-40,-41,-36,-37,-21,-35,-20,-28,0,-37,-33,-48,-36,-50,-10,-56,-24,-96,-89,-102,-116,-114,-119,-131,-75,-87,-78,-100,-96,-100,-95,-100,-93,-127,-118,-270,-91,-89,-60,-62,-65,-81,-75,-80,-77,-175,-38,-218,-202,-189,-180,-174,0,-110,0,-26,-25,-68,0,-122,0,0,0,0,0,0,0,-47,-49,-56,0,-1813,0,-2013,1844,-843,0,0,0,0,0,0,0,-154,0,-581,-568,-535,-424,-5481,-5235,-1702,-142,-140,0,0,0,-12839,0,0,0,0,0,0]} 1. d4 d5 2. Nf3 Nf6 3. c4 e6 4. g3 c6 5. Bg2 Nbd7 6. O-O Be7 7. b3 O-O 8. Bb2 b6 9. Nc3 Ba6 10. Nd2 b5 {[%cal Rb5c4] E07: Closed Catalan: Main Line (5 Nf3 0-0 6 0-0 Nbd7)} 11. cxb5 cxb5 12. a3 Qb6 $146 ({Predecessor:} 12... Rc8 13. Re1 Rc7 14. b4 Nb6 15. Nb3 Nc4 16. Bc1 Nd7 17. Bf4 Rc8 18. h4 {½-½ (53) Gledura,B (2654)-Grandelius,N (2691) Batumi 2019}) 13. b4 Bb7 14. Nb3 Rfc8 15. Qd3 a6 16. Rac1 Qa7 17. Rc2 Nb6 18. Rb1 Nc4 19. Bc1 Bc6 20. e3 Rc7 21. Qd1 Rac8 22. Nc5 Nd7 23. Rb3 Rd8 24. Qh5 Nf6 25. Qe2 Qa8 26. Ra2 Ra7 27. g4 (27. a4 $11 {remains equal.}) 27... Ne4 28. Qc2 {[%cal Rc3e4]} Nxc3 29. Qxc3 a5 30. Nd3 {[#]} Rc8 (30... e5 $142 $1 {[%mdl 512]} 31. bxa5 (31. Nxe5 axb4) 31... e4) 31. Rc2 Bd6 32. Bf1 Rcc7 33. f4 axb4 34. axb4 Ra1 35. Nc5 Rca7 36. Qe1 $2 (36. Re2 $17) 36... Qd8 $2 (36... Bxc5 $19 {is more deadly.} 37. bxc5 R7a2 38. Rxa2 Qxa2) 37. Bd3 $17 g6 38. Re2 R1a2 39. Rxa2 Rxa2 40. Bb1 Ra1 41. g5 {[#]} (41. Nd3 $17) 41... Qa8 (41... e5 $1 $19 {[%mdl 512] White must now prevent ...Qc8.} 42. Qc3 (42. dxe5 Bxc5) 42... exf4 $1 {[%mdl 512]} 43. exf4 (43. Qxa1 $2 {too greedy.} Qxg5+ 44. Kf1 fxe3 $19) 43... Qe7) 42. h4 $2 (42. Bb2 $15) 42... Bxc5 $1 $19 43. bxc5 Qa4 44. Qc3 Qa8 $2 (44... Na5 $1 $19 {[%cal Ra5b3]} 45. Rb4 Qd1+ 46. Kf2 Nc4) 45. h5 (45. Qe1 $11) 45... Ra4 (45... Qa5 $1 $17 {[%cal Ra5c3]} 46. Qxa5 Nxa5) 46. h6 Qd8 47. e4 f6 ({Black should play} 47... Qa5 $15 48. e5 Qxc3 49. Rxc3 Kf8) 48. Qh3 (48. e5 $11) 48... f5 (48... Qd7 $17 49. e5 Na5) 49. exf5 $11 exf5 50. Kf2 Ra7 51. Qf3 Re7 52. Bd3 Qa5 {...Qe1+ is the strong threat.} 53. Qd1 Qa4 (53... Kf7 $1 $15) 54. Bd2 $2 {[%mdl 8192]} (54. Bc2 $11) 54... Qa2 $2 (54... Nxd2 $19 55. Qxd2 Qxb3) 55. Kg3 $2 {[%mdl 8192]} (55. Bc2 $11) 55... Qa5 $4 {[%mdl 8192]} (55... Nxd2 $19 56. Rc3 Re3+ 57. Kg2 Nf3+ 58. Qc2 Qxc2+ 59. Rxc2 Rxd3) 56. Kf2 $4 {[%mdl 8192]} (56. Bxa5 $18 Rd7 57. Qa1) 56... Qa2 $2 (56... Nxd2 $19 57. Rb2 Ne4+ 58. Bxe4 Rxe4) 57. Bc2 Re4 $36 {[%mdl 2112] Pin. Black is more active.} 58. Bc1 Kf7 59. Kg3 Re6 60. Rc3 $2 (60. Bd2 $11) 60... Qa5 $2 (60... Re7 $17 61. Rb3 Qa1) 61. Qf3 $2 {[%mdl 8192]} (61. Bd2 $1 $11 {and White stays safe.} b4 62. Rb3) 61... Qa1 $19 62. Bb3 b4 63. Rxc4 (63. Rc2 $142 Qxd4 64. Qf2) 63... dxc4 64. d5 Bxd5 $2 (64... Ke7 $19 65. Be3 Bxd5 66. Qe2 cxb3 67. c6 {[#]} Qc3 $1 {[%mdl 576] Double Attack} 68. Kf2 b2 69. c7 b1=Q 70. c8=Q Qxc8 71. Kg3 Qc3 $1 {[%mdl 512]} 72. Kf2 Qh1 73. Bc5+ Qxc5+ 74. Kg3 Qcg1+ 75. Qg2 Qgxg2#) 65. Qxd5 $17 Qc3+ ({But not} 65... Qxc1 $6 66. Qb7+ Re7 67. Qd5+ Kf8 68. Qd8+ Kf7 69. Qd5+ Re6 70. Qb7+ Re7 71. Qd5+ $11 {[%mdl 64] Double Attack}) ({Better is} 65... cxb3 $17 66. Qb7+ Re7 67. Qxb4 Qa6 68. Qxb3+ Qe6) 66. Kg2 $11 Qxb3 67. Bd2 $2 {[%mdl 8192]} (67. Qd7+ $11 Re7 68. Qd5+ Kf8 69. Qd8+ Kf7 70. Qd5+ Kf8 71. Qd8+ Kf7 72. Qd5+) 67... Qc2 $2 (67... Qd3 $19 68. Qxd3 cxd3 69. Bxb4 Re4 {[%mdl 64] Decoy}) 68. Qd7+ {The position is equal.} Re7 69. Qd5+ Kf8 {( -> ...Re2+)} 70. Qd8+ {Accuracy: White = 31%, Black = 44%.} 1/2-1/2

[Event "12th Chennai Open 2020"]
[Site "Chennai"]
[Date "2020.01.20"]
[Round "4.7"]
[White "Vishnu Prasanna. V"]
[Black "Lakshmi Narayanan M V"]
[Result "*"]
[WhiteElo "2474"]
[BlackElo "2162"]
[Annotator "ChessBase"]
[PlyCount "51"]
[EventDate "2020.01.19"]
[EventType "swiss"]
[EventCountry "IND"]
[SourceTitle "playchess.com"]
[Source "ChessBase"]
[SourceQuality "1"]
[TimeControl "5400+30"]

1. d4 {[%emt 0:00:00]} d5 {[%emt 0:00:00]} 2. Nf3 {[%emt 0:00:04]} Nf6 {[%emt 0:00:14]} 3. c4 {[%emt 0:00:30]} e6 {[%emt 0:00:30]} 4. g3 {[%emt 0:00:34]} c6 {[%emt 0:03:26]} 5. Bg2 {[%emt 0:00:23]} Nbd7 {[%emt 0:00:19]} 6. O-O {[%emt 0:02:30]} Be7 {[%emt 0:01:09]} 7. b3 {[%emt 0:00:30]} O-O {[%emt 0:00:30]} 8. Bb2 {[%emt 0:00:59]} b6 {[%emt 0:02:30]} 9. Nc3 {[%emt 0:00:30]} Ba6 {[%emt 0:00:30]} 10. Nd2 {[%emt 0:00:30]} b5 {[%emt 0:00:30]} 11. cxb5 {[%emt 0:00:30]} cxb5 {[%emt 0:00:30]} 12. a3 {[%emt 0:00:00]} Qb6 {[%emt 0:19:58]} 13. b4 {[%emt 0:00:22]} Bb7 {[%emt 0:00:30]} 14. Nb3 {[%emt 0:00:30]} Rfc8 {[%emt 0:00:30]} 15. Qd3 {[%emt 0:00:30]} a6 {[%emt 0:00:30]} 16. Rac1 {[%emt 0:00:30]} Qa7 {[%emt 0:00:30]} 17. Rc2 {[%emt 0:00:30]} Nb6 {[%emt 0:00:30]} 18. Rb1 {[%emt 0:00:30]} Nc4 {[%emt 0:00:30]} 19. Bc1 {[%emt 0:00:30]} Bc6 {[%emt 0:00:30]} 20. e3 {[%emt 0:00:30]} Rc7 {[%emt 0:00:30]} 21. Qd1 {[%emt 0:00:30]} Rac8 {[%emt 0:00:30]} 22. Nc5 {[%emt 0:00:30]} Nd7 {[%emt 0:00:30]} 23. Rb3 {[%emt 0:00:30]} Rd8 {[%emt 0:00:30]} 24. Qh5 {[%emt 0:00:30]} Nf6 {[%emt 0:00:30]} 25. Qe2 {[%emt 0:00:30]} Qa8 {[%emt 0:00:30]} 26. Qd1 {[%emt 0:30:21]} *

[Event "12th Chennai Open 2020"]
[Site "Chennai"]
[Date "2020.01.20"]
[Round "4.8"]
[White "Taher, Yoseph Theolifus"]
[Black "Priyanka, Kumari"]
[Result "1/2-1/2"]
[WhiteElo "2462"]
[BlackElo "1874"]
[Annotator "TA"]
[PlyCount "133"]
[EventDate "2020.01.19"]
[EventType "swiss"]
[EventCountry "IND"]
[SourceTitle "playchess.com"]
[Source "ChessBase"]
[SourceQuality "1"]

{[%evp 9,133,16,18,11,21,14,10,15,13,17,15,9,5,0,3,0,0,0,0,0,16,0,0,0,0,0,0,0,0,-17,0,0,70,94,46,36,56,23,71,59,94,88,89,91,98,104,104,113,109,-192,-192,-192,-192,-192,-192,-182,-183,-188,-176,-233,-229,-215,-120,-194,-210,-210,-190,-255,-209,-247,-172,-194,-8,-8,-8,-8,-8,-8,-8,-57,-8,-57,-57,-57,-8,-8,-8,-8,-8,-8,-8,-8,-8,-12,-8,-8,-8,-8,-8,-8,-8,-8,-8,-8,0,-8,0,-8,0,-8,0,-8,-8,-8,-8,-8,-8,-8,0,0,0,0,0,0,0,-4]} 1. e4 c5 2. Nf3 d6 3. d4 cxd4 4. Qxd4 Nf6 5. Be2 Nc6 6. Qe3 {B53: Sicilian: 2...d6: Lines with Qxd4} g6 7. h3 Bg7 8. O-O O-O 9. Rd1 Be6 10. Nc3 Rc8 11. a3 $146 ({Predecessor:} 11. Rb1 Qc7 {½-½ (21) Demchenko,A (2679)-Volokitin,A (2634) Germany 2019}) 11... Qc7 12. Rb1 a6 13. Nd5 Bxd5 14. exd5 Na5 15. Ne1 b5 16. b3 Rfe8 17. Bb2 e6 $1 18. dxe6 Rxe6 19. Qd3 Rce8 20. Bf3 Nd7 ({Better is} 20... Nc6 $11) 21. Bxg7 $14 Kxg7 22. Bd5 Re2 23. Qd4+ Kg8 24. Bf3 R2e6 25. Nd3 Ne5 26. Bd5 R6e7 27. Nf4 Nac6 28. Bxc6 Qxc6 29. Qxd6 $2 {[%mdl 8192] [#]} (29. Rd2 $16 {and life is bright.}) 29... Nf3+ $1 $19 {[%mdl 512]} 30. gxf3 Re1+ $1 31. Kg2 Qxd6 {[%mdl 64] Overworked Piece} 32. Rxd6 Rxb1 33. Rxa6 {[%mdl 4096] Endgame KRR-KRN} Rc8 34. Rb6 (34. b4 {was called for.}) 34... Rxc2 35. Rxb5 Ra2 (35... Rc3 $19 36. b4 Rxa3 37. Rb8+ Kg7) 36. Nd5 (36. Rb8+ $17 {was worth a try.} Kg7 37. Rb7) 36... Rxa3 37. b4 Rbb3 38. f4 (38. Nf6+ $142 Kg7 39. Ne8+ Kh6 40. Nd6) 38... Rxh3 39. f5 gxf5 40. Ne3 Rhxe3 $2 (40... Rh5 $19 {Threatens to win with ...Kg7.} 41. Nxf5 Rg5+ 42. Kf1 f6 43. Rb8+ Kf7 44. Nd6+ Ke7) 41. fxe3 $11 Rxe3 42. Rxf5 $19 {KR-KR} Rb3 43. Rb5 Kg7 44. Rb8 Kg6 45. b5 h5 46. b6 h4 47. Kh2 {The position is equal.} h3 48. Rg8+ Kf5 {[#]} 49. Rg3 $1 {[%mdl 512]} Rxb6 {Threatening ...Rh6.} 50. Rf3+ Kg6 51. Kxh3 f5 52. Kg3 Kg5 53. Ra3 Rb4 54. Rc3 Rg4+ 55. Kf3 Rh4 56. Kg3 (56. Kf2 {is interesting.} Rh2+ 57. Kg3 Rd2 58. Rf3 Re2 59. Ra3) 56... Rg4+ 57. Kf3 Rh4 58. Kg3 $1 Rh8 59. Rc5 Rh1 60. Ra5 Rg1+ 61. Kf3 Rb1 62. Ra3 Rh1 {( -> ...Rh3+)} 63. Kg3 f4+ 64. Kg2 Rc1 65. Ra8 Rc2+ 66. Kf3 Rc3+ 67. Kf2 {Accuracy: White = 59%, Black = 52%.} 1/2-1/2

[Event "12th Chennai Open 2020"]
[Site "Chennai"]
[Date "2020.01.20"]
[Round "4.9"]
[White "Jubin Jimmy"]
[Black "Neverov, Valeriy"]
[Result "1/2-1/2"]
[WhiteElo "2193"]
[BlackElo "2460"]
[Annotator "TA"]
[PlyCount "76"]
[EventDate "2020.01.19"]
[EventType "swiss"]
[EventCountry "IND"]
[SourceTitle "playchess.com"]
[Source "ChessBase"]
[SourceQuality "1"]

{[%evp 18,76,91,71,81,61,67,50,70,43,65,39,62,58,89,41,89,6,6,6,11,11,11,11,11,11,12,12,15,0,0,0,0,0,0,0,0,0,0,0,0,0,0,0,0,0,0,0,0,0,0,0,0,0,0,0,0,0,0,0,0]} 1. d4 Nf6 2. c4 g6 3. g3 c5 4. d5 e5 5. Nc3 d6 6. Bg2 Bg7 7. e4 O-O 8. Nf3 Nbd7 9. O-O a6 10. a4 b6 {E64: King's Indian: Fianchetto: 6...c5 7 d5} (10... Ng4 11. Bd2 Kh8 12. a5 Qe7 13. Na4 f5 14. Ng5 Ndf6 15. Nb6 Rb8 16. Nxc8 Rfxc8 17. f3 Nh6 18. Ne6 {1-0 (38) Grischuk,A (2715)-Korotylev,A (2600) Moscow 2007}) 11. Ne1 Ne8 12. Nd3 Rb8 {White is slightly better.} 13. Qe2 f5 14. f4 $146 ({Predecessor:} 14. Be3 Ndf6 15. f3 Bd7 16. b4 Nh5 17. Bf2 Qc8 18. Rfb1 Nef6 19. bxc5 bxc5 20. Rxb8 Qxb8 21. Rb1 {½-½ (21) Hansen,V-Hamann,S Aalborg 1965}) 14... Rb7 15. Bd2 Nef6 16. Rae1 (16. exf5 {is more complex.} gxf5 17. fxe5 Nxe5 18. Nf4 Re7 19. Ne6) 16... fxe4 17. Nxe4 (17. Bxe4 $16 Re8 18. f5) 17... Nxe4 $11 {The position is equal.} 18. Bxe4 Nf6 19. fxe5 Nxe4 20. Qxe4 {[#] Hoping for e6.} Bf5 21. Qe2 {Black must now prevent e6.} Bxd3 22. Qxd3 Bxe5 23. Rxf8+ Qxf8 24. Bc3 Bxc3 25. Qxc3 {[%mdl 4096] Endgame KQR-KQR} Re7 26. Kg2 (26. Rxe7 {keeps more tension.} Qxe7 27. Kf2 Qf7+ 28. Kg1 Qf5 29. Kg2) 26... Qe8 27. Rxe7 Qxe7 {KQ-KQ} 28. Kf3 Qf7+ 29. Kg2 Qf5 30. Qe3 Kf7 31. b3 g5 32. Qe2 g4 33. Qe3 Kf6 34. Qe8 Qf3+ 35. Kg1 Qd1+ 36. Kg2 Qd2+ 37. Kg1 Qd1+ 38. Kg2 Qd2+ {Accuracy: White = 41%, Black = 78%.} 1/2-1/2